Elijah Scheinson

Oxford C


Categories

History - American History070470120128.2902
History - Other History0500506485.6000
Mythology0401405492.7513
History - World History0400407088.0001
Religion040040104117.5001
History - European History0410358397.0011
Other020120123126.0000
Fine Arts - Other Fine Arts010010115115.0000
Literature - American Literature010010145145.0000
Social Science010110126126.0000
Science - Biology000000.0000
Literature - World Literature000000.0000

Buzzes

MythologyOrion1054
History - Other HistorySasanian Empire1064
History - World HistoryBorneo1070
History - Other Historychariot racing teams1070
MythologySekhmet1080
History - European HistoryJohn1083
History - Other HistoryNew Zealand1087
History - World HistoryTurkey1089
History - World HistoryDahomey1089
History - European HistoryBulgaria1094